Word Ladder: Spelling Across the Pond Quiz Stats

 Plays Quiz Updated May 1, 2021

Support Sporcle.
Go Orange.
Score 0/39 Timer 04:00
0 Plays Today
Hint % Correct
Stand a certain way for photoPOSE
96.5%
Large farm buildingBARN
95.2%
Small skin openingPORE
93.5%
Capital of SwitzerlandBERN
93.2%
✥ Rubber outer part of wheel (US) ✥TIRE
91.7%
Heal the symptoms of a disease CURE
90.8%
Container for displaying cut flowersVASE
90.8%
Achy, in painSORE
89.9%
Mark Knopfler's band ____ StraitsDIRE
89.8%
Native of CopenhagenDANE
89.4%
Actor's part in a playROLE
88.9%
✥ Edge of roadway (US) ✥CURB
87.1%
Yellowish precious metal (Au, #79)GOLD
87%
Device which shows wind direction VANE
86.8%
✥ Colour between black and white (UK) ✥GREY
86.7%
✥ Rubber outer part of wheel (UK) ✥TYRE
86.6%
66th US Sec. of State CondoleezzaRICE
86.5%
✥ Color between black and white (US) ✥GRAY
86.5%
Make annoyed or irritatedRILE
84.9%
To tempt or entice by rewardLURE
84.6%
Hint % Correct
✥ Two-jawed clamping tool (US) ✥VISE
84.4%
✥ Two-jawed clamping tool (UK) ✥VICE
83.8%
Dark, heavy typefaceBOLD
83.4%
Ancient U-shaped harpLYRE
82.1%
Sharp projection at end of fishhookBARB
80.9%
Tree trunkBOLE
80.7%
Small bunch of flowersPOSY
80.6%
✥ Snug, comfortable, warm (UK) ✥COSY
80.5%
Car engine fuel-air mixer (abbrev)CARB
80.1%
✥ Snug, comfortable, warm (US) ✥COZY
75.7%
Native of BelgradeSERB
74.4%
Sharp cattle-driving stickGOAD
72.2%
Matriculator (abbrev)GRAD
71.3%
Apple of true service tree SORB
68.8%
✥ Water retaining embankment (US) ✥DIKE
68.3%
✥ Water retaining embankment (UK) ✥DYKE
64.7%
✥ Edge of roadway (UK) ✥KERB
64.4%
Show Boat composer JeromeKERN
63.8%
Centimeter-gram-second unit of forceDYNE
63%

Today's Daily Dose

You're not logged in!

Compare scores with friends on all Sporcle quizzes.
OR
Log In

From the Vault

Christmas Decorations

by PrincessMartell

Deck the halls, and so forth.
Remove Ads.
Support Sporcle.
Get the best of Sporcle when you Go Orange. This ad-free experience offers more features, more stats, and more fun while also helping to support Sporcle. Thank you for becoming a member.

Show Comments

Extras

Top Quizzes Today


Score Distribution

Your Account Isn't Verified!

In order to create a playlist on Sporcle, you need to verify the email address you used during registration. Go to your Sporcle Settings to finish the process.

Report this User

Report this user for behavior that violates our Community Guidelines.

Details: